| 000 | 01883nam0a2200289 4500 | ||
|---|---|---|---|
| 001 | RU\NLR\bibl\1269025 | ||
| 005 | 20250615133409.0 | ||
| 010 |
_a978-5-86785-205-4 _9500 |
||
| 021 |
_aRU _b2008-52982 _92933 |
||
| 035 | _a(NLR Aleph) 001254919 | ||
| 090 |
_a342560 _c342560 |
||
| 100 | _a20080903d2007 |||y0rusy50 ca | ||
| 101 | 0 | _arus | |
| 102 | _aRU | ||
| 105 | _aa ||||||||| | ||
| 200 | 1 |
_aУправление качеством в АПК _eучебное пособие для студентов высших учебных заведений, обучающихся по специальности 080502 "Экономика и управление на предприятии (в АПК)" _fВ.В. Карпузов _gМ-во сел. хоз-ва Рос. Федерации, Федер. гос. образоват. учреждение высш. проф. образования "Моск. гос. агроинженер. ун-т им. В.П. Горячкина" |
|
| 210 |
_aМосква _cФедеральное государственное образовательное учреждение высшего профессионального образования "Московский государственный агроинженерный университет" _d2007 |
||
| 215 |
_a302 c. _cил. _d20 |
||
| 320 | _aБиблиогр.: с. 292-294 (54 назв.) | ||
| 606 | 1 |
_aАгропромышленные комплексы _jУчебные издания для высших учебных заведений _xКачество продукции _xУправление _9903950 _3RU\NLR\auth\669118 |
|
| 686 | _aУ32(2)-823.2-21я73 | ||
| 700 | 1 |
_aКарпузов _bВ. В. _gВасилий Викторович _4070 |
|
| 801 | 0 |
_aRU _bNLR _c20080903 _gRCR |
|
| 801 | 1 |
_aRU _bNLR _c20080903 |
|
| 942 | _cBOOK | ||
| 980 | _aNB | ||